000 00691cab a2200217 4500
001 WB2802-24
008 090401t1992 xxu||||| |||| 00| 0 eng d
035 _a(Sirsi) u872
041 _aeng
245 _aCompany status for Ritblat
260 _c1992
350 _a0
490 _aTimes
_v6 January 1992, 23(1)
520 _aThe surveying partnership Conrad Ritblat is to incorporate and become a limited company, a move to allow management restructuring rather than refinancing.
650 _aABOUT RICS-RICS MEMBERS
650 _aINCORPORATION
650 _aLIMITED LIABILITY
690 _aMANAGEMENT-BUSINESS MANAGEMENT-PROFESSIONAL PRACTICE
942 _n0
948 _c04/03/1997
999 _c486
_d486